• Di Nicola P., Stanzani S., Tronca L., Rossi G., Boccacin L., Bassi A., Solci R., Prandini R., Colozzi I

di Personal Name

Records bibliografici associati: 1

001 - CONTROL NUMBER

  • control field: 62560

003 - CONTROL NUMBER IDENTIFIER

  • control field:

005 - DATE AND TIME OF LATEST TRANSACTION

  • control field: 20250829182610.0

008 - FIXED-LENGTH DATA ELEMENTS

  • fixed length control field: 250829|| aca||aabn | a|a d

040 ## - CATALOGING SOURCE

  • Original cataloging agency:
  • Transcribing agency:

100 ## - HEADING--PERSONAL NAME

  • Personal name: Di Nicola P., Stanzani S., Tronca L., Rossi G., Boccacin L., Bassi A., Solci R., Prandini R., Colozzi I

670 ## - SOURCE DATA FOUND

  • Source citation: Work cat.: ()224611: Donati Pierpaolo, Colozzi Ivo (a cura di) 62547, Il valore aggiunto delle relazioni sociali, 2011
CREDITS: SOCIETA' SAN PAOLO Via A.Severo, 58 - ROMA (RM) & PERIODICI SAN PAOLO SRL Via Giotto, 36 MILANO & CISF Via Giotto, 36 MILANO & EDIZIONI SAN PAOLO SRL,  Piazza Soncino, 5 CINISELLO BALSAMO (MI) -- ITALY